000 00770nam a2200241Ia 4500
003 OSt
005 20220923212438.0
006 a|||||r|||| 00| 0
007 ta
008 220922b |||||||| |||| 00| 0 hin d
024 _a153,050
037 _cTextual
040 _aARTS
_cARTS
_bhin
041 _2hin
_ahin
082 _aNR44,2, 152N6
100 _aराजन, रेणु
245 0 _aहिन्दुस्तानी संगीत मे राग लक्षण
246 _aHindustānī sangīt me rāg lakṣhaṇa
260 _aनई दिल्ली
_b राधा पब्लि
_c1996
300 _a10]253पृ.
_ccm.
942 _hNR44,2, 152N6
_cTEXL
_2CC
999 _c308698
_d308698